<?xml version="1.0" encoding="UTF-8"?>
<marc:record xmlns:marc="http://www.loc.gov/MARC21/slim">
   <marc:leader>00000nam a2200000 a 4500</marc:leader>
   <marc:datafield ind1="1" ind2=" " tag="100">
      <marc:subfield code="a">Zuckowski, Rolf</marc:subfield>
      <marc:subfield code="4">aut</marc:subfield>
      <marc:subfield code="e">Verfasser/-in</marc:subfield>
   </marc:datafield>
   <marc:datafield ind1="0" ind2="0" tag="245">
      <marc:subfield code="a">Rolfs neue Vogelhochzeit</marc:subfield>
   </marc:datafield>
   <marc:datafield ind1="0" ind2="0" tag="245">
      <marc:subfield code="c">Zuckowski, Rolf</marc:subfield>
   </marc:datafield>
   <marc:datafield ind1=" " ind2="1" tag="264">
      <marc:subfield code="b">Universal Music</marc:subfield>
      <marc:subfield code="c">2018</marc:subfield>
   </marc:datafield>
   <marc:datafield ind1="1" ind2=" " tag="520">
      <marc:subfield code="a">Hörfigur für die Toniebox: Rolf Zuckowski – Rolfs neue Vogelhochzeit&#xD;
Tonies sind Hörfiguren für die Toniebox. Sie machen Hören anfassbar, denn mit ihnen bedient man die Toniebox. Man kann sie aber auch sammeln und mit ihnen spielen. Um der Musik zu lauschen, stellt man die Hörfigur einfach auf die Toniebox.&#xD;
&#xD;
„Überraschend und doch vertraut, spannender und lustiger als je zuvor, so werdet ihr meine NEUE VOGELHOCHZEIT erleben. Viel Spaß!“ – Rolf Zuckowski&#xD;
&#xD;
01 - Vorhang auf&#xD;
02 - Ein Vogel wollte Hochzeit machen I&#xD;
03 - Hoch in der Luft&#xD;
04 - Guten Tag, guten Tag&#xD;
05 - Vögelein, Vögelein, tanz mit mir&#xD;
06 - Du und ich&#xD;
07 - Immer nur brüten&#xD;
08 - Tick, tick, tick&#xD;
09 - Hallo Mama! Hallo Papa!&#xD;
10 - Ein Vogelbaby wird niemals satt&#xD;
11 - Sieh nur die Sterne&#xD;
12 - Immer wenn ein Vogelbaby größer wird&#xD;
13 - Ein Vogel wollte Hochzeit machen II&#xD;
14 - Eine Orchesterreise durch „Rolfs Vogelhochzeit“</marc:subfield>
   </marc:datafield>
   <marc:datafield ind1="3" ind2=" " tag="024">
      <marc:subfield code="a">4251192112972</marc:subfield>
   </marc:datafield>
   <marc:datafield ind1=" " ind2=" " tag="041">
      <marc:subfield code="a">ger</marc:subfield>
   </marc:datafield>
   <marc:datafield ind1=" " ind2=" " tag="300">
      <marc:subfield code="a">Toniefigur 36 Min. und Anleitung</marc:subfield>
   </marc:datafield>
</marc:record>
